000 00408cam a2200169ua 4500
041 _aeng
_h
082 _a425
_bJAI/MO
100 _aJain, R.C .
245 _aModern drafting /
_cJain R.C.
_hTextual Documents
260 _aDelhi :
_bMalhotra brothers ,
_c1964.
300 _a243 ; .
504 _a
700 1 _ajain R.C, Mohan M.C .
700 1 _aJain, R.C .
942 _cBK
999 _c12434
_d12434